[Event "CZE-ch U16"]
[Site "Sec u Chrudimi"]
[Date "2007.10.21"]
[Round "2"]
[White "Vodicka, Premysl"]
[Black "Hubacek, Ondrej"]
[Result "0-1"]
[WhiteElo "1638"]
[BlackElo "2019"]
[PlyCount "40"]
[EventDate "2007.10.20"]
[EventType "swiss"]
[EventRounds "9"]
[EventCountry "CZE"]
[SourceTitle "EXT 2022"]
[Source "ChessBase"]
[SourceDate "2021.10.06"]
[SourceVersion "1"]
[SourceVersionDate "2021.10.06"]
[SourceQuality "1"]

1. d4 Nf6 2. c4 e5 3. dxe5 Ng4 4. Nf3 Bc5 5. e3 Nc6 6. b3 Qe7 7. a3 a5 8. Bb2 Ngxe5 9. Nbd2 0-0 10. Nxe5 Nxe5 11. Nf3 d6 12. Nxe5 dxe5 13. Bd3 e4 14. Bc2 Rd8 15. Qe2 Ra6 16. 0-0 Rg6 17. f3 Bh3 18. Rf2 exf3 19. Qxf3 Bxg2 20. Rxg2 Qxe3+ 0-1